[Event "Lovfalds 08th F"]
[Site "Ringsted"]
[Date "1994.09.30"]
[Round "5"]
[White "Hansen, Ole"]
[Black "Kristensen, Benny"]
[Result "1-0"]
[WhiteElo "1434"]
[BlackElo "1376"]
[PlyCount "79"]
[EventDate "1994.09.02"]
[EventType "tourn"]
[EventRounds "5"]
[EventCountry "DEN"]
[SourceTitle "EXT 2023"]
[Source "ChessBase"]
[SourceDate "2022.10.05"]
[SourceVersion "1"]
[SourceVersionDate "2022.10.05"]
[SourceQuality "1"]

1. d4 e6 2. Nf3 Nf6 3. c4 b6 4. Bg5 Bb4+ 5. Nc3 Bb7 6. e3 d6 7. Qc2 h6 8. Bh4 Nbd7 9. Bd3 c5 10. 0-0-0 Bxc3 11. Qxc3 Rc8 12. d5 e5 13. Qc2 Qc7 14. Bf5 Rb8 15. Qa4 b5 16. cxb5 Nb6 17. Qb3 g5 18. e4 gxh4 19. Nxh4 Bc8 20. f3 Bd7 21. Bxd7+ Qxd7 22. a4 0-0 23. Qe3 Kh7 24. Nf5 Ng8 25. b3 c4 26. Kb2 Rfc8 27. Rc1 cxb3 28. Qxb3 Nxa4+ 29. Qxa4 Rxb5+ 30. Ka3 Rcb8 31. Rc3 Qd8 32. Rb3 Ra5 33. Rxb8 Rxa4+ 34. Kxa4 Qxb8 35. Rc1 h5 36. Rc6 Qb2 37. Nxd6 Qa2+ 38. Kb5 Qxg2 39. Nxf7 Qxf3 40. Ng5+ 1-0